00707nam a22002057a 450000500170000000800410001701000140005802000260007203500130009803700130011104000080012408200140013210000340014624501280018026000250030827000550033330000610038865000270044970000250047619970904051429.3970904m19271929ii a 001 0aeng  aENG-95789 a9788186017623c400.00 aEN-79322 bDBAD/PUB aDPL a793.30954 aSircar, Ranjabatid1963-1999. aRanjabati, a dancer and her world :cedited and introduced by Aishika Chakraborty bselected writings of Ranjabati Sircar / aKolkatabThemac2008 bKolkatae700009a46/1 , Raja Rammohan Roy Sarani,  a189 p., [25] p. of plates c24 cm.(Hb)bill. (some col.) aDance xHistoryzIndia aChakraborty, Aishika